000
00292nam a22001097a 4500
040
_c
SCME
100
_a
Zdravko I.Botev
_9
92090
245
_a
Data science and machine learning (mathematical and statistical methods)
260
_a
CRC Press
_b
London
_c
2020
300
_a
513p.
942
_2
ddc
_c
BK
999
_c
590198
_d
590198